<?xml version="1.0" encoding="UTF-8"?>
<record
    xmlns:xsi="http://www.w3.org/2001/XMLSchema-instance"
    xsi:schemaLocation="http://www.loc.gov/MARC21/slim http://www.loc.gov/standards/marcxml/schema/MARC21slim.xsd"
    xmlns="http://www.loc.gov/MARC21/slim">

  <leader>00998nam a22003137a 4500</leader>
  <controlfield tag="001">BR7806819</controlfield>
  <controlfield tag="003">BR-BrBNA</controlfield>
  <controlfield tag="005">20230928085756.0</controlfield>
  <controlfield tag="007">ta</controlfield>
  <controlfield tag="008">230509b bl.||||| |||| 00| 0 por d</controlfield>
  <datafield tag="040" ind1=" " ind2=" ">
    <subfield code="a">BR-BrBNA</subfield>
    <subfield code="b">por</subfield>
    <subfield code="c">Biblioteca Nacional de Agricultura</subfield>
  </datafield>
  <datafield tag="041" ind1=" " ind2=" ">
    <subfield code="a">(Por)</subfield>
  </datafield>
  <datafield tag="072" ind1=" " ind2=" ">
    <subfield code="a">H10</subfield>
    <subfield code="b">0336</subfield>
    <subfield code="b">4020</subfield>
    <subfield code="b">3877</subfield>
    <subfield code="b">/G514</subfield>
  </datafield>
  <datafield tag="090" ind1=" " ind2=" ">
    <subfield code=" ">0336 BR7806819</subfield>
  </datafield>
  <datafield tag="100" ind1="1" ind2=" ">
    <subfield code="a">Santos, B.B. dos</subfield>
  </datafield>
  <datafield tag="110" ind1="1" ind2=" ">
    <subfield code="a">Universidade Federal do Parana, Curitiba (Brasil)</subfield>
    <subfield code="0">Tese (Mestrado)</subfield>
  </datafield>
  <datafield tag="245" ind1="1" ind2=" ">
    <subfield code="a">Manejo dos insetos - pragas da soja no centro-sul do Parana [Brasil]</subfield>
  </datafield>
  <datafield tag="260" ind1="3" ind2=" ">
    <subfield code="a">Curitiba, PR (Brasil): </subfield>
    <subfield code="c">1978. </subfield>
  </datafield>
  <datafield tag="300" ind1=" " ind2=" ">
    <subfield code="a">126 p.</subfield>
  </datafield>
  <datafield tag="500" ind1=" " ind2=" ">
    <subfield code="a">Summaries (Eng, Por); Bibliography p. 102-109 (120 ref.). (*) Documento dispon&#xED;vel na(o) UFPR, Curitiba, PR (Brazil). Biblioteca Central</subfield>
  </datafield>
  <datafield tag="650" ind1=" " ind2=" ">
    <subfield code="a">SOJA</subfield>
  </datafield>
  <datafield tag="650" ind1=" " ind2=" ">
    <subfield code="a">INSETO</subfield>
  </datafield>
  <datafield tag="650" ind1=" " ind2=" ">
    <subfield code="a">DEFENSIVO</subfield>
  </datafield>
  <datafield tag="650" ind1=" " ind2=" ">
    <subfield code="a">INSETICIDA</subfield>
  </datafield>
  <datafield tag="650" ind1=" " ind2=" ">
    <subfield code="a">CONTROLE QUIMICO</subfield>
  </datafield>
  <datafield tag="650" ind1=" " ind2=" ">
    <subfield code="a">PARANA</subfield>
  </datafield>
  <datafield tag="909" ind1=" " ind2=" ">
    <subfield code="a">202309</subfield>
    <subfield code="b">Lucia</subfield>
    <subfield code="c">55</subfield>
    <subfield code="d">Lucia Elande</subfield>
  </datafield>
  <datafield tag="942" ind1=" " ind2=" ">
    <subfield code="c">BK</subfield>
  </datafield>
  <datafield tag="999" ind1=" " ind2=" ">
    <subfield code="c">26272</subfield>
    <subfield code="d">26272</subfield>
  </datafield>
  <datafield tag="952" ind1=" " ind2=" ">
    <subfield code="0">0</subfield>
    <subfield code="2">AGRIS</subfield>
    <subfield code="4">0</subfield>
    <subfield code="7">2</subfield>
    <subfield code="a">41918</subfield>
    <subfield code="b">41918</subfield>
    <subfield code="l">0</subfield>
    <subfield code="r">2023-09-25</subfield>
    <subfield code="t">01</subfield>
    <subfield code="y">BK</subfield>
    <subfield code="z"> (*) Documento dispon&#xED;vel na(o) UFPR, Curitiba, PR (Brazil). Biblioteca Central</subfield>
    <subfield code="1">4</subfield>
    <subfield code="d">2023-09-25</subfield>
    <subfield code="e">Portaria Interministerial n&#xBA; 164/94</subfield>
    <subfield code="f"></subfield>
    <subfield code="g"></subfield>
    <subfield code="i"></subfield>
    <subfield code="v"></subfield>
    <subfield code="w"></subfield>
  </datafield>
</record>
